Geschichte der Magyaren Vierter Band

Podrobná bibliografia
Hlavný autor: Majlát, Ján Jozef, 1786-1855 (Autor, Prekladateľ)
Ďalší autori: Tendler, Franz, 1790-1854 (Tlačiar), Horváth, Stephan (Zostavovateľ, kompilátor)
Médium: Kniha
Jazyk:nemčina
PhysicalDescription:48 strán, 276 strán 21,5 cm
Predmet:

MARC

LEADER 00000nam a2200000 4500
001 vtls010322981
003 SK-MaSNL
005 20260301032205.0
008 251112s1831 au b f 001 0 ger
015 |a SNBHFA 
040 |a SNK  |b slo  |c SNK  |e rda 
043 |a e-hu--- 
072 7 |a 93/94  |x Dejiny (všeobecne)  |2 konspekt 
080 |a 93/94  |2 2011 
080 |a 94(439)  |2 2011 
080 |a (048.8)  |2 2011 
100 1 |a Majlát, Ján Jozef,  |d 1786-1855  |4 aut  |4 trl  |9 250729 
245 1 0 |a Geschichte der Magyaren  |n Vierter Band  |c von Johann Grafen Mailáth 
246 1 0 |a Umrische aus den ältesten Geschichten der magyarischen Nation 
264 3 |a Wien  |b Bei F. Tendler Graben im v. Trattner'schen Gebäude  |c 1831 
300 |a 48 strán, 276 strán  |c 21,5 cm 
336 |a text  |b txt  |2 rdacontent 
337 |a bez média  |b n  |2 rdamedia 
338 |a zväzok  |b nc  |2 rdacarrier 
504 |a Register ; poznámky pod textom 
505 0 0 |a Obsahuje: Prítlačok 1.:  |t Umrische aus den ältesten Geschichten der magyarischen Nation  |r Zur Erregung der Aufmerksamkeit, herausgegeben von Stephan Horváth, Custos der Széchényischen Bibliothek bei dem ungrischen National Museum. Aus dem Magyarischen übersetzt von Johann Grafen Mailáth  |g 136 strán 
546 |a Nemecký text  |b Antikva 
561 |a Proveniencia: oválna pečiatka na titulnom liste: Semsei Könyvtár.  |5 SNK SC 117/4 
561 |a Proveniencia: pečiatka na titulnom liste: Národná kultúrna komisia pre Slovensko v Bratislave.-okrúhla pečiatka: Ex libris: Univerzitná knižnica v Bratislave.  |5 SNK SC 117/4 D1 
561 |a Proveniencia: pečiatka na titulnom liste: [...] Béla [...].-vlepený ex libris na zadnej doske: Bey Anton Lehenbauer bürgenlichem Buchbinder in Wien, Stadt Rothgasse N° 487.  |5 SNK SC 117/4 D2 
562 |a Defektný exemplár: tlač neobsahuje prítlačok.  |5 SNK SC 117/4 D2 
563 |a Väzba: previazaná, celoplátená.  |5 SNK SC 117/4 
563 |a Väzba: pôvodná, celoplátená, hnedá.  |5 SNK SC 117/4 D1 
563 |a Väzba: pôvodná, lepenková, chrbát hnedá koža so zlátenou ornamentálnou slepotlačou.  |5 SNK SC 117/4 D2 
650 0 7 |a dejiny  |2 SNKPH  |9 3825 
651 7 |a Maďarsko  |x dejiny  |2 SNKPHgeo  |9 18630 
655 7 |a prehľady  |2 SNKPH  |9 70194 
700 1 |a Tendler, Franz,  |d 1790-1854  |4 prt  |9 329061 
700 1 |a Lehenbauer, Anton  |4 bnd  |9 329062 
700 1 |a Horváth, Stephan  |4 com  |9 329063 
710 2 |a Šemšei - rodinná knižnica (Šemša, Slovensko)  |4 fmo  |9 210780 
710 2 |a Národná kultúrna komisia pre Slovensko (Bratislava, Slovensko)  |4 fmo  |9 329064 
710 2 |a Univerzitná knižnica v Bratislave  |4 fmo  |9 192279 
752 |a Rakúsko  |d Viedeň 
852 |a snk  |p SC 117/4 ; SC 117/4 D1 ; SC 117/4 D2 
958 |a ONDV 
958 |a DF 
999 |c 577978  |d 579908 
952 |a SNK  |b SNK  |y PREZ  |7 0  |p 17A0747363  |o snkSC 117/4  |i snkF 76/70  |8 5  |0 0  |1 0  |4 0  |d 2025-08-25  |l 0  |r 2026-02-23 14:39:44  |w 2026-02-23 
952 |a SNK  |b SNK  |y PREZ  |7 0  |p 17A0747346  |o snkSC 117/4 D1  |i snkV 3868/72  |8 2  |3 rekatalogizácia  |z Rok: 1831  |0 0  |1 0  |4 0  |d 2011-11-09  |l 0  |r 2026-02-23 14:39:44  |w 2026-02-23 
952 |a SNK  |b SNK  |y PREZ  |7 0  |p 17A0714027  |o snkSC 117/4 D2  |i snkK 2482/63  |8 3  |3 rekatalogizácia  |z Rok: 1831  |0 0  |1 0  |4 0  |d 2011-11-09  |l 0  |r 2026-02-23 14:39:44  |w 2026-02-23